Gaming Quiz

Random Gaming or Nintendo Quiz

Super Nintendo Games by Locations Quiz Stats

 Plays Quiz Updated Jan 13, 2020

Support Sporcle.
Go Orange.
Score 0/22 Timer 07:00
4 Plays Today
Locations Game % Correct
Koopa Beach, Ghost Valley, Rainbow RoadSuper Mario Kart
80.7%
Corneria, Sector X, VenomStar Fox
62.1%
Vanilla Dome, Forest of Illusion, Star WorldSuper Mario World
60.7%
Kakariko Village, Lost Woods, Turtle RockThe Legend of Zelda: A Link to the Past
58.4%
Onett, Saturn Valley, Deep DarknessEarthBound
52%
Mute City, Red Canyon, Fire FieldF-Zero
50.4%
Gangplank Galleon, Krem Quay, Gloomy GulchDonkey Kong Country 2: Diddy's Kong Quest
48.2%
Wrecked Ship, Norfair, TourianSuper Metroid
40%
Guardia Castle, Zeal, The End of TimeChrono Trigger
34.3%
Dune Sea, Mos Eisley, The Death StarSuper Star Wars
29.3%
Baron, Fabul, The MoonFinal Fantasy IV
24.8%
Locations Game % Correct
Narshe, The Veldt, Floating ContinentFinal Fantasy VI
24.4%
Bubbly Clouds, The Halberd, HalfmoonKirby Super Star
23.3%
Moleville, Land's End, Barrel VolcanoSuper Mario RPG: Legend of the Seven Stars
20.3%
Cotton-Top Cove, Razor Ridge, Kaos KoreDonkey Kong Country 3: Dixie Kong's Double Trouble!
15.3%
Gaia's Navel, Ice Country, Gold CitySecret of Mana
14.6%
Dinosaur Tank, Desert Base, Robot JunkyardMega Man X2
7.7%
Fillmore, Kasandora, NorthwallActRaiser
6.3%
Alunze Kingdom, Shrine of Vengeance, Doom IslandLufia II: Rise of the Sinistrals
5.8%
Hall of Collosia, Ivor Tower, OmnitopiaSecret of Evermore
5.7%
Winlan, Bleak, ObeliskBreath of Fire
5.2%
Grass Valley, St. Elles, World of EvilSoul Blazer
3.6%

From the Vault

Television Alter Egos

by shorlin

"The worst thing about prison was the... was the Dementors."
Remove Ads.
Support Sporcle.
Get the best of Sporcle when you Go Orange. This ad-free experience offers more features, more stats, and more fun while also helping to support Sporcle. Thank you for becoming a member.

Show Comments

Extras

Top Quizzes Today


Score Distribution

Your Account Isn't Verified!

In order to create a playlist on Sporcle, you need to verify the email address you used during registration. Go to your Sporcle Settings to finish the process.

Report this User

Report this user for behavior that violates our Community Guidelines.

Details: